000
00313nam a2200133Ia 4500
008
150201s2011 xx 000 0 und d
082
_a
618.92
_b
P11K
100
_a
KHAN, MR
245
_a
ESSENTIALS OF PEDIATRICS
260
_b
ELSEVIER
_a
DELHI
_c
2011
300
_a
1-538
650
_a
PAEDIATRICS
942
_2
ddc
_c
BK
999
_c
1295
_d
1295